Statistics for Logos of Portuguese Political Parties

Click here to take the quiz!

General Stats

  • This quiz has been taken 7 times
  • The average score is 7 of 9

Answer Stats

Answer% Correct
Enough! / Chega!
100%
Social Democratic Party / Partido Social Democrata
100%
Left Bloc / Bloco de Esquerda
86%
Liberal Initiative / Iniciativa Liberal
86%
Socialist Party / Partido Socialista
86%
Democratic and Social Center – People's Party / Centro Democrático e Social – Partido Popular
71%
FREE / LIVRE
71%
People Animals Nature / Pessoas-Animais-Natureza
71%
Unitary Democratic Coalition / Coligação Democrática Unitária
71%

Score Distribution

Percentile by Number Answered

Percent of People with Each Score

Your Score History

You have not taken this quiz